000
00311nam a2200121Ia 4500
008
191201s2011 xx 000 0 und d
100
_a
singh, k.k
245
0
_a
Unconventional manufacturing processes
250
_a
Rep
260
_c
2011
_b
Dhanpat Rai Pubns (P) Ltd
_a
NEW DELHI
300
_a
118
942
_2
ddc
_c
BK
999
_c
8147
_d
8147